| 000 | 00848cam a2200337 4500 | ||
|---|---|---|---|
| 001 | ABS68214 | ||
| 008 | 040913n2004 000 0 eng u | ||
| 035 | _a(Sirsi) u127358 | ||
| 245 | _aFocus 2 update: Lancashire | ||
| 260 | _c2004 | ||
| 490 |
_aEstates Gazette _v(0436) 4 September 2004, 85-93(7) |
||
| 590 | _aABS | ||
| 590 | _aABS | ||
| 650 | _aLANCASHIRE | ||
| 650 | _aPRESTON | ||
| 650 | _aSOUTHPORT | ||
| 650 | _aLANCASTER | ||
| 650 | _aSKELMERSDALE | ||
| 650 | _aWIGAN | ||
| 650 | _aBURNLEY | ||
| 650 | _aBOLTON | ||
| 650 | _aBLACKPOOL | ||
| 650 | _aBLACKBURN | ||
| 650 | _aACCRINGTON | ||
| 650 | _aORMSKIRK | ||
| 650 | _aPROPERTY-COMMERCIAL PROPERTY-RETAIL PROPERTY-RETAIL PROPERTY MARKET | ||
| 650 | _aOFFICE MARKET | ||
| 650 | _aINDUSTRIAL MARKET | ||
| 690 | _aCOMMERCIAL PROPERTY-MARKET | ||
| 942 | _n0 | ||
| 999 |
_c117988 _d117988 |
||